00660nam a2200193Ia 4500008004100000020001500041082001600056100001700072245005100089250000800140260004200148300002500190500001900215600002100234650005000255942000700305952013700312999001700449240925s9999 xx 000 0 und d a8178082578 a005.133 BRA aBratko, Ivan 0aProlog Programming for Artificial Intellignce  a3rd aNoida:bPearson Education Pvt LtdcNA a1100p.bNAfOriginal aIncludes Index aComputer Science aComputer science, information & general works cBK 001040708CSaUITUbUITUd2016-03-02eAfzal Rauf News Agencyg1115.00l0o005.133 BRApQ10792r2024-09-25 07:15:50w2024-09-25yBK c13291d13291